000 00704nam a2200229 i 4500
001 13462
003 ES-MaACL
005 20251003190534.0
007 t|
008 980414s1995 sp ||||1| spa d
020 _a84-87529-28-3
080 _a929 Máiquez, Isidoro
100 1 _aPonce, Manuel.
_992939
245 1 0 _aMáiquez, el actor maldito /
_cManuel Ponce.
250 _a1ª ed.
260 _aCartagena :
_bAyuntamiento de Cartagena,
_cD.L. 1995.
300 _a255 p. :
_bfot. ;
_c20 cm.
600 0 4 _aMáiquez, Isidoro,
_d1768-1820
_975608
710 1 _aCartagena.
_bAyuntamiento.
_92452
852 _aES-MaACL
_jL-20818
_bR.125801
_q. - Ded. autógr. del autor
999 _c13462
_d13462